Give peace a chance [
| Format: | Book |
|---|---|
| Published: |
New York :
The Spirit Foundation ,
19_
|
| Subjects: |
MARC
| LEADER | 00000cam a2200000 7i4500 | ||
|---|---|---|---|
| 001 | 0000000108 | ||
| 002 | 000000123 | ||
| 005 | 20021014.0 | ||
| 090 | 0 | 0 | |a 784.7 |b GIV |
| 245 | 0 | 0 | |a Give peace a chance [ |h video recording] |
| 260 | |a New York : |b The Spirit Foundation , |c 19_ | ||
| 300 | |a 1 Video recording VHS (42 minutes) : |b col.(PAL) | ||
| 500 | |a Library has 1 copy | ||
| 650 | 0 | 0 | |a Songs |
| 999 | |a PV0001 |b VIDEO |c RUJUKAN |e PERPUSTAKAAN KOMUNITI PETALING JAYA | ||